|
|
|
|
| LEADER |
00000nam2a2200000 4500 |
| 001 |
94865 |
| 005 |
20231031105826.0 |
| 010 |
|
|
|a 5708806079
|
| 020 |
|
|
|a RU
|b 91-48013
|
| 035 |
|
|
|a (RuTPU)RU\TPU\book\101616
|
| 090 |
|
|
|a 94865
|
| 100 |
|
|
|a 20060417g1991 m a0rusy5003 ca
|
| 101 |
0 |
|
|a rus
|
| 102 |
|
|
|a RU
|
| 105 |
|
|
|a a z 000zy
|
| 200 |
0 |
|
|a Ч. 2
|
| 210 |
|
|
|d 1991
|
| 215 |
|
|
|d 26 см
|e (ил.)
|a 72 с.
|
| 461 |
|
1 |
|0 (RuTPU)RU\TPU\book\120683
|y 5-7088-0606-0
|t Азбука вязания
|o в 3 ч.
|f М. В. Максимова
|v Ч. 2
|e 6-е изд.
|d 1991
|
| 610 |
1 |
|
|a вязание ручное
|
| 801 |
|
0 |
|a RU
|b RuMRKP
|c 19950417
|g psbo
|
| 801 |
|
1 |
|a RU
|b 63413507
|c 20060417
|g PSBO
|
| 801 |
|
2 |
|a RU
|b 63413507
|c 20070320
|g PSBO
|
| 942 |
|
|
|c BK
|